<?xml version="1.0" encoding="UTF-8"?><?xml-stylesheet type="text/xsl" href="static/style.xsl"?><OAI-PMH xmlns="http://www.openarchives.org/OAI/2.0/" xmlns:xsi="http://www.w3.org/2001/XMLSchema-instance" xsi:schemaLocation="http://www.openarchives.org/OAI/2.0/ http://www.openarchives.org/OAI/2.0/OAI-PMH.xsd"><responseDate>2026-04-13T06:21:31Z</responseDate><request verb="GetRecord" identifier="oai:www.recercat.cat:10459.1/466490" metadataPrefix="marc">https://recercat.cat/oai/request</request><GetRecord><record><header><identifier>oai:recercat.cat:10459.1/466490</identifier><datestamp>2025-09-15T18:53:03Z</datestamp><setSpec>com_2072_3622</setSpec><setSpec>col_2072_479130</setSpec></header><metadata><record xmlns="http://www.loc.gov/MARC21/slim" xmlns:dcterms="http://purl.org/dc/terms/" xmlns:xsi="http://www.w3.org/2001/XMLSchema-instance" xmlns:doc="http://www.lyncode.com/xoai" xsi:schemaLocation="http://www.loc.gov/MARC21/slim http://www.loc.gov/standards/marcxml/schema/MARC21slim.xsd">
   <leader>00925njm 22002777a 4500</leader>
   <datafield ind2=" " ind1=" " tag="042">
      <subfield code="a">dc</subfield>
   </datafield>
   <datafield ind2=" " ind1=" " tag="720">
      <subfield code="a">Rubí i Casals, Maria Gemma</subfield>
      <subfield code="e">author</subfield>
   </datafield>
   <datafield ind2=" " ind1=" " tag="720">
      <subfield code="a">Casals Bergés, Quintí</subfield>
      <subfield code="e">author</subfield>
   </datafield>
   <datafield ind2=" " ind1=" " tag="260">
      <subfield code="c">2024</subfield>
   </datafield>
   <datafield ind2=" " ind1=" " tag="520">
      <subfield code="a">Este artículo investiga en qué medida el Parlamento liberal de la Restauración puso restricciones a la publicidad de sus decisiones y cómo se mantuvo este tema 
durante la II República española. Para ello se analizan los temas objeto de debate en las sesiones secretas del Parlamento entre 1875 y 1936, lo que permite descubrir que, 
además de los asuntos de trámite habituales de gastos de personal y mantenimiento del edificio, se trataron los privilegios (franquicia postal o viajes en tren), inmuni
dades y dietas de los parlamentarios, así como la gestión de los suplicatorios. En general, estos temas fueron tratados con discreción y siempre buscando la salvaguarda 
de la honorabilidad parlamentaria.</subfield>
   </datafield>
   <datafield ind2=" " ind1=" " tag="520">
      <subfield code="a">In this article, we are interested in discovering to what extent the liberal Parlia ment of the Restoration placed restrictions on the publicity of its decisions and how 
this issue was maintained during the Second Spanish Republic. For this, we review the issues discussed in the secret sessions of Parliament between 1875 and 1936. This 
allows us to discover that, apart from the usual paperwork issues of personnel expenses and building maintenance, they debated privileges (postal allowance or travel by 
train), immunities and diets of parliamentarians, as well as the management of peti tions. In general, these issues were treated with discretion and always seeking to safe
guard parliamentary honour.</subfield>
   </datafield>
   <datafield tag="653" ind2=" " ind1=" ">
      <subfield code="a">Historia parlamentaria</subfield>
   </datafield>
   <datafield tag="653" ind2=" " ind1=" ">
      <subfield code="a">Corrupción parlamentaria</subfield>
   </datafield>
   <datafield tag="653" ind2=" " ind1=" ">
      <subfield code="a">Transparencia</subfield>
   </datafield>
   <datafield tag="653" ind2=" " ind1=" ">
      <subfield code="a">Honor parla mentario</subfield>
   </datafield>
   <datafield tag="653" ind2=" " ind1=" ">
      <subfield code="a">Restauración borbónica</subfield>
   </datafield>
   <datafield tag="653" ind2=" " ind1=" ">
      <subfield code="a">II República española</subfield>
   </datafield>
   <datafield tag="653" ind2=" " ind1=" ">
      <subfield code="a">Historia contemporánea</subfield>
   </datafield>
   <datafield ind2="0" ind1="0" tag="245">
      <subfield code="a">Un parlamento sin taquígrafos: las sesiones secretas en la historia del parlamentarismo español (1875-1936)</subfield>
   </datafield>
   <datafield ind2="0" ind1="0" tag="245">
      <subfield code="a">A Parliament without stenographers:   Secret sessions in the history of Spanish  parliamentarianism (1875-1936)</subfield>
   </datafield>
</record></metadata></record></GetRecord></OAI-PMH>